E4(東北道)のIC - Statistics

General Stats
  • This quiz has been taken 578 times
    440 since last reset
  • The average score is 59 of 115
Answer Stats
Hint Answers % Correct
JCT 川口
89%
IC 宇都宮
86%
IC 浦和
83%
IC 白河
83%
IC | JCT 郡山
83%
IC 那須
82%
JCT 福島
82%
SA/SIC 蓮田
81%
IC 盛岡
79%
IC | JCT 青森
78%
IC | PA 羽生
77%
SA/SIC 佐野
77%
IC 久喜
76%
IC 栃木
75%
IC 矢板
73%
IC 一関
73%
PA 黒磯
72%
IC | JCT | PA/SIC 花巻
72%
IC 白石
70%
JCT 北上
70%
IC 岩槻
69%
IC 二本松
69%
IC 須賀川
67%
SIC 平泉
67%
JCT 久喜白岡
66%
IC 加須
66%
IC 館林
66%
IC 仙台南
66%
IC | PA/SIC
65%
IC 水沢
65%
SA/SIC 那須高原
64%
IC | SA 国見
64%
IC 鹿沼
61%
IC 古川
61%
PA 蔵王
59%
IC 本宮
58%
IC 盛岡南
57%
IC 矢吹
56%
SA 安達太良
55%
JCT 桑折
55%
IC | JCT 村田
55%
IC | SA 紫波
54%
IC | PA 滝沢
54%
IC 郡山南
53%
IC 仙台宮城
53%
IC 佐野藤岡
52%
JCT 富谷
50%
PA/SIC 鏡石
49%
PA/SIC 矢巾
49%
IC 西那須野塩原
47%
IC 花巻南
47%
IC 黒石
47%
JCT 岩舟
46%
JCT 栃木都賀
46%
IC 大和
46%
SA 前沢
46%
SA/SIC 上河内
45%
SA 岩手山
45%
IC 福島西
44%
IC 福島飯坂
44%
SIC 奥州
44%
PA/SIC 矢板北
43%
IC 大衡
43%
IC 十和田
43%
IC 黒磯板室
42%
IC | JCT | PA 小坂
42%
PA 大谷
41%
PA 安積
41%
SIC 郡山中央
40%
SA 花輪
40%
IC 松尾八幡平
39%
IC | JCT 安代
39%
PA/SIC 都賀西方
37%
SIC 白河中央
37%
PA 阿武隈
37%
PA/SIC 菅生
37%
IC 碇ヶ関
37%
IC 浪岡
37%
IC 北上江釣子
35%
SA 津軽
35%
PA 中尊寺
34%
IC/PA 北上金ヶ崎
34%
IC 鹿角八幡平
34%
IC 大鰐弘前
34%
PA 金成
33%
IC 築館
31%
PA/SIC 長者原
30%
IC 若柳金成
30%
IC 平泉前沢
30%
PA/SIC 福島松川
29%
PA/SIC 三本木
29%
SIC 滝沢中央
25%
PA 志波姫
24%
IC 西根
24%
PA
23%
PA 吾妻
22%
PA 阿闍羅
21%
PA 鶴巣
20%
PA 前森山
18%
PA 湯瀬
14%
PA 高舘
14%
PA 田山
13%
No matching quizzes found
Score Distribution
Percent of People with Each Score
Percentile by Number Answered
Your Score History
You have not taken this quiz since the last reset